Η κυρία της λίμνης

Αποθηκεύτηκε σε:
Λεπτομέρειες βιβλιογραφικής εγγραφής
Κύριος συγγραφέας: Chandler, Raymond 1888-1959
Άλλοι συγγραφείς: Αργυρός, Κωνσταντίνος (Μεταφραστής)
Μορφή: Βιβλίο
Γλώσσα:Greek
English
Δημοσίευση: Αθήνα : Ερατώ, c1982
Θέματα:
Ετικέτες: Προσθήκη ετικέτας
Δεν υπάρχουν, Καταχωρήστε ετικέτα πρώτοι!

MARC

LEADER 00000nam a2200000 i 4500
001 1/89055
008 051114s1982 gre d
020 |a 960-229-045-5 
035 |l 10081232 
040 |a GR-MY-UA  |b gre  |e aacr 
041 1 |a gre  |h eng 
082 0 |a 813  |2 (22) 
100 1 |a Chandler, Raymond  |d 1888-1959. 
245 1 2 |a Η κυρία της λίμνης /  |c Raymond Chandler ; Μετάφραση: Κωσταντίνος Αργυρός 
260 |a Αθήνα :   |b Ερατώ,   |c c1982 
300 |a 283 σ.;  |c 20 εκ. 
500 |a Τίτλος πρωτοτύπου: The lady in the lake 
650 0 0 |a American fiction  |y 20th century. 
700 1 |a Αργυρός, Κωνσταντίνος.  |4 trl 
852 |a INST  |b SYROS  |e 20051114  |h 813 CHA  |p 005500005145  |q 005500005145  |t BK  |y 0 
901 |a BIBL5-2005-3 
909 |a Ε  |b 117274 
922 |a 5ΕΛΗ  |b 200511  |c ΒΙΒΛΙΟΘΗΚΗ ΣΥΡΟΥ  |d ΣΕΛΕΦΑΪΣ 
970 |a ΚΟΝΤΟΥ  |b ΠΑΡΑΣΚΕΥΗ  |z 2005/01/10